01325nam a22003377a 4500001000700000003000900007005001700016007000700033008004800040020001500088040002200103041001300125082001500138100001700153240005200170245019300222260003400415300003100449490005200480500005700532650004000589700001900629700003900648700002900687830005400716942001200770945002700782952012100809956004000930999001700970000611DO-SdBNP20180131150029.0000611161027b 1990 sp a ||||| |||| 00| 0 spa d a8427249438 aBPMSUbspacBPMSU17aspaheng axxxxbxxxx1 aCarey, M. V.10atThe mystery of the cranky colector.lEspañol10aMisterio del coleccionista cascarrabias / ctexto de M. V. Carey, basado en los personajes creados por Robert Arthur ; traducción de C. Peraire del Molino ; ilustraciones de R. Escolano. aBarcelona : bMolino, c1990. a170 p. : bil. ; c21 cm. 1 aAlfred Hitchcock y los tres investigadores v43 aTraducción de: The mystery of the cranky colector. aCuentos infantiles estadounidenses.1 aArthur, Robert1 aPeraire del Molino, Conchita,etr.12aEscolano, Ramón,eil.  0aAlfred Hitchcock y los tres investigadores ; v43 2ddccBK aInventariado, 2018/ YL 00102ddc40708CJ-GaBPMETbBPMETd2016-10-27eDonaciónl0oxxxx xxxxpBPMSU16100410r2016-10-27w2016-10-27yBK 2LOPEREZ3106201610278BPMSUa00041 c11706d11706